000 00317nam a2200109 4500
999 _c9563
_d9563
008 180707b ||||| |||| 00| 0 eng d
245 _aGreater pollution exposure tied to higher cancer risk.
260 _aPhilippines
_bThe Philippine Star
_cc2017
300 _apage 16.
650 0 _928440
_aPollution.
942 _2ddc
_cPER